|
|
|
|
| LEADER |
00000nam0a2200000 4500 |
| 001 |
229242 |
| 005 |
20240117140205.0 |
| 035 |
|
|
|a (RuTPU)RU\TPU\book\249831
|
| 090 |
|
|
|a 229242
|
| 100 |
|
|
|a 20130109d2012 m y0rusy50 ca
|
| 101 |
0 |
|
|a rus
|
| 102 |
|
|
|a RU
|
| 105 |
|
|
|a y j 000zy
|
| 200 |
1 |
|
|a Информатика
|e учебное пособие
|f О. С. Токарева, А. В. Лепустин
|g Национальный исследовательский Томский политехнический университет (ТПУ), Институт дистанционного образования (ИДО)
|
| 210 |
|
|
|a Томск
|c Изд-во ТПУ
|d 2012
|
| 215 |
|
|
|a 163 с.
|
| 330 |
|
|
|a В учебном пособии рассмотрены основные понятия и математические основы информатики. Приведены алгоритмы решения типовых задач и изложены основы программирования на языке Паскаль. Рассмотрены архитектура современных вычислительных и программных средств, принципы построения компьютерных сетей и вопросы обеспечения безопасности в них. Пособие подготовлено на кафедре вычислительной техники и предназначено для студентов ИДО, обучающихся по направлению 230100 «Информатика и вычислительная техника».
|
| 606 |
1 |
|
|a Информатика
|2 stltpush
|3 (RuTPU)RU\TPU\subj\36202
|
| 610 |
1 |
|
|a понятия
|
| 610 |
1 |
|
|a определения
|
| 610 |
1 |
|
|a алгоритмы
|
| 610 |
1 |
|
|a разработка
|
| 610 |
1 |
|
|a языки программирования
|
| 610 |
1 |
|
|a информация
|
| 610 |
1 |
|
|a системы счисления
|
| 610 |
1 |
|
|a вычислительные средства
|
| 610 |
1 |
|
|a архитектура
|
| 610 |
1 |
|
|a программные средства
|
| 610 |
1 |
|
|a телекоммуникационные технологии
|
| 610 |
1 |
|
|a информационные системы
|
| 610 |
1 |
|
|a информационные технологии
|
| 610 |
1 |
|
|a учебные пособия
|
| 610 |
1 |
|
|a труды учёных ТПУ
|
| 675 |
|
|
|a 004(075.8)
|v 4
|
| 700 |
|
1 |
|a Токарева
|b О. С.
|c специалист в области информатики и вычислительной техники
|c доцент Томского политехнического университета, кандидат технических наук
|f 1966-
|g Ольга Сергеевна
|3 (RuTPU)RU\TPU\pers\27955
|9 12945
|
| 701 |
|
1 |
|a Лепустин
|b А. В.
|c специалист в области информатики и вычислительной техники
|c старший преподаватель Томского политехнического университета
|f 1984-
|g Алексей Владимирович
|3 (RuTPU)RU\TPU\pers\30289
|
| 712 |
0 |
2 |
|a Национальный исследовательский Томский политехнический университет (ТПУ)
|b Институт дистанционного образования (ИДО)
|3 (RuTPU)RU\TPU\col\16612
|
| 801 |
|
1 |
|a RU
|b 63413507
|c 20130109
|
| 801 |
|
2 |
|a RU
|b 63413507
|c 20130403
|g RCR
|
| 942 |
|
|
|c BK
|